000 00623nam a22002417a 4500
003 UA-OsUOA
001 65147
007 ta
008 20091116b un ||||| |||| 00| 0 ukr d
100 _aПавлюк Я.
090 _a821.161.2
_bП12
942 _cBK
040 _aUA-OsUOA
_bukr
_cUA-OsUOA
_dUA-OsUOA
245 _aЛицарство духу
_bВірші, переклади
300 _a54 с.
955 _a3
041 _aukr
080 _a821.161.2
020 _a966-522-161-2
260 _aК.
_c2000
650 7 _a82 Література. Літературознавство
_2UDC
999 _c351266
_d351266